Médiá a politika

Teoreticé vymedzenie vzťahu politiky a médií. Porovnanie médií so zameraním sa na ich komunikáciu s politickými reprezentantmi pri príprave a priebehu diskusií v relácii.

Salvato in:
Dettagli Bibliografici
Autore principale: Ontková, Lenka
Altri autori: Slezáčková, Magdaléna
Natura: Capitolo di libro
Lingua:slovacco
Soggetti:
Tags: Aggiungi Tag
Nessun Tag, puoi essere il primo ad aggiungerne!!

MARC

LEADER 00000naa a2200000 4500
001 0212770
005 20220725100943.6
041 0 |a slo 
044 |a SK 
245 1 0 |a Médiá a politika  |c Lenka Ontková, Magdaléna Slezáčková 
520 |a Teoreticé vymedzenie vzťahu politiky a médií. Porovnanie médií so zameraním sa na ich komunikáciu s politickými reprezentantmi pri príprave a priebehu diskusií v relácii. 
610 2 0 |a Slovensko 
610 2 0 |a médiá 
610 2 0 |a politika 
610 2 0 |a pojmy 
100 1 |a Ontková, Lenka 
700 1 |a Slezáčková, Magdaléna